Quality management for organizational excellence : introduction to total quality (Record no. 34200)

MARC details
000 -LEADER
fixed length control field 00506nam a2200193Ia 4500
020 ## - INTERNATIONAL STANDARD BOOK NUMBER
ISBN 97812920222338
050 ## - CALL MARK
Classification number HD 62.15 .G64/
100 ## - STATEMENT OF RESPONSIBILITY--MAIN AUTHOR NAME
Personal name Goetsch, David L.
245 #0 - TITLE STATEMENT
Title Quality management for organizational excellence : introduction to total quality
250 ## - EDITION / VOLUME STATEMENT
Edition / Volume statement 7th ed.
260 ## - PUBLICATION, DISTRIBUTION, ETC. (IMPRINT)
Place of publication Harlow
260 ## - PUBLICATION, DISTRIBUTION, ETC. (IMPRINT)
Name of publisher Pearson
260 ## - PUBLICATION, DISTRIBUTION, ETC. (IMPRINT)
Year of publication 2014
300 ## - PHYSICAL DESCRIPTION
Number of Pages 468 p
650 ## - SUBJECT ADDED ENTRY--TOPICAL TERM
Topical Term Total quality management.
942 ## - ADDED ENTRY ELEMENTS (KOHA)
Koha item type Books
Holdings
Withdrawn status Lost status Source of classification or shelving scheme Damaged status Not for loan Permanent Location Current Location Shelving location Date acquired Accession Number Price effective from Koha item type
    Library of Congress Classification     NILE UNIVERSITY OF NIGERIA - MAIN LIBRARY NILE UNIVERSITY OF NIGERIA - MAIN LIBRARY Items on shelf 04/23/2025 0011311 04/23/2025 Books